000 00845nas a2200277 4500
001 BR9203698
003 BR-BrBNA
005 20231205095046.0
007 ta
008 230509b bl.|||p| |||| 00| 00por d
040 _aBR-BrBNA
_bpor
_cBiblioteca Nacional de Agricultura
041 _a(Pt)
072 _aH50
100 1 _aAude, M.I. da S.
100 1 _aMarchezan, E.
100 1 _aDariva, T.
245 1 _aReacao de cultivares de cana-de-acucar ao efeito de geadas em Santa Maria - Rio Grande do Sul
650 _aCana de Acucar
650 _aVariedade
650 _aGeada
650 _aClimatologia
650 _aRio Grande do Sul
773 0 _tRevista do Centro de Ciencias Rurais (Brazil)
_xISSN 0085-5901
_g(Oct-Nov 1987), v. 17(4) p. 333-338
_wBR9203698
909 _a202311
_bLúcia
_c55
_dLúcia Elande
942 _2AGRIS
_n0
_cANA
999 _c148499
_d148499